00493nam a2200193Ia 4500008004100000020001500041050001600056100001800072245002000090245002400110245002100134260001600155260003200171260000900203300001600212300002000228300001000248300004100258170918s9999 xx 000 0 und d a8130904578 bB655fr 2007 aBloom, Harold aFranz Kafka's : bthe metamorphosis / cby Harold Bloom. aNew Delhi : bViva Books Private Limited, c2007 a149 pages : billustrations ; c23cm. eViva modern critical interpretations